000 00343nam a22001097a 4500
082 _a891.433/TIW/N
100 _aटिवाणा दलीप कौर
_964413
245 _aकथा कहो उर्वशी
260 _aहैदराबाद
_bसारांश
_c2001
650 _aउपन्‍यास
_980787
942 _cBK
999 _c63826
_d63826